| 000 | 00340nam a2200133Ia 4500 | ||
|---|---|---|---|
| 005 | 20260328104325.0 | ||
| 008 | 260328s9999||||xx |||||||||||||| ||und|| | ||
| 100 | _aKoestler, Arthur | ||
| 245 | 0 |
_aLa Escritura Invisible (Autobiografía) / _cArthur Koestler |
|
| 260 | _bAlianza | ||
| 300 | _a199 p. | ||
| 650 | _aARQUITECTURA | ||
| 942 | _cBK | ||
| 999 |
_c11485 _d11485 |
||